000
00302nam a22001337a 4500
020
_a
978-8180547058
041
_a
ENG
100
_a
Gupta .C
245
_a
Fundamentals of Mathematical Statistics
260
_a
Delhi
_b
Sultan Chand &Sons
_c
1990
300
_a
1680
650
_a
Math's
856
_u
Math's
999
_c
368
_d
368